Japanese knotweed and residential property (Record no. 121892)
[ view plain ]
| 000 -LEADER | |
|---|---|
| fixed length control field | 01206cam a22002535a 4500 |
| 005 - DATE AND TIME OF LATEST TRANSACTION | |
| control field | 20240515103641.0 |
| 008 - FIXED-LENGTH DATA ELEMENTS--GENERAL INFORMATION | |
| fixed length control field | 221128t2022 xxk fo 000 0 eng d |
| 020 ## - INTERNATIONAL STANDARD BOOK NUMBER | |
| International Standard Book Number | 9781783214556 |
| 041 0# - LANGUAGE CODE | |
| Language code of text/sound track or separate title | eng |
| 050 04 - LIBRARY OF CONGRESS CALL NUMBER | |
| Classification number | 581.65 $2 20 |
| 110 2# - MAIN ENTRY--CORPORATE NAME | |
| Corporate name or jurisdiction name as entry element | Royal Institution of Chartered Surveyors |
| 9 (RLIN) | 4900 |
| 245 00 - TITLE STATEMENT | |
| Title | Japanese knotweed and residential property |
| 250 ## - EDITION STATEMENT | |
| Edition statement | 1st |
| 260 ## - PUBLICATION, DISTRIBUTION, ETC. | |
| Place of publication, distribution, etc. | London |
| Name of publisher, distributor, etc. | RICS |
| Date of publication, distribution, etc. | 2022 |
| 490 #0 - SERIES STATEMENT | |
| Series statement | RICS Professional Statement |
| 490 #0 - SERIES STATEMENT | |
| Series statement | RICS Guidance Note |
| 520 ## - SUMMARY, ETC. | |
| Summary, etc. | Focuses on the problems that Japanese Knotweed has been causing in residential property and provides information on the damage it can cause and how to treat it. |
| 520 ## - SUMMARY, ETC. | |
| Summary, etc. | This document was originally published in January 2022 as an RICS guidance note and reissued in October 2022 as an RICS professional standard. |
| 520 ## - SUMMARY, ETC. | |
| Summary, etc. | Supersedes Information Paper of the same title, but as this 2022 title is a Professional Statement it is also a first edition, ISBN 9781842197677 |
| 650 24 - SUBJECT ADDED ENTRY--TOPICAL TERM | |
| Topical term or geographic name entry element | JAPANESE KNOTWEED |
| 651 #4 - SUBJECT ADDED ENTRY--GEOGRAPHIC NAME | |
| Geographic name | ENGLAND AND WALES |
| 856 41 - ELECTRONIC LOCATION AND ACCESS | |
| Uniform Resource Identifier | <a href="https://www.rics.org/content/dam/ricsglobal/documents/standards/Japanese%20knotweed_October%202022.pdf">https://www.rics.org/content/dam/ricsglobal/documents/standards/Japanese%20knotweed_October%202022.pdf</a> |
| Public note | Available on RICS.org |
| 942 ## - ADDED ENTRY ELEMENTS (KOHA) | |
| Suppress in OPAC | 0 |
| Source of classification or shelving scheme | Dewey Decimal Classification |
| Withdrawn status | Lost status | Damaged status | Not for loan | Home library | Current library | Shelving location | Date acquired | Total Checkouts | Date last seen | Price effective from | Koha item type |
|---|---|---|---|---|---|---|---|---|---|---|---|
| London | Virtual | Online | 04/04/2024 | 04/04/2024 | 04/04/2024 | Online material |